<?xml version="1.0" encoding="UTF-8"?>
<record
    xmlns:xsi="http://www.w3.org/2001/XMLSchema-instance"
    xsi:schemaLocation="http://www.loc.gov/MARC21/slim http://www.loc.gov/standards/marcxml/schema/MARC21slim.xsd"
    xmlns="http://www.loc.gov/MARC21/slim">

  <leader>01907nam a2200313 i 4500</leader>
  <controlfield tag="003">OSt</controlfield>
  <controlfield tag="005">20231122172104.0</controlfield>
  <controlfield tag="007">ta</controlfield>
  <controlfield tag="008">221116s2022    ck     er ||| 000 jdspa d</controlfield>
  <datafield tag="020" ind1=" " ind2=" ">
    <subfield code="a">9786287565401</subfield>
  </datafield>
  <datafield tag="040" ind1=" " ind2=" ">
    <subfield code="c">CO-MqBPB</subfield>
  </datafield>
  <datafield tag="041" ind1="0" ind2=" ">
    <subfield code="a">spa</subfield>
  </datafield>
  <datafield tag="082" ind1=" " ind2=" ">
    <subfield code="a">AC</subfield>
    <subfield code="b">RULl</subfield>
  </datafield>
  <datafield tag="100" ind1="1" ind2=" ">
    <subfield code="a">Rulfo, Juan</subfield>
    <subfield code="d">1917-1986</subfield>
    <subfield code="e">autor</subfield>
    <subfield code="9">224816</subfield>
  </datafield>
  <datafield tag="245" ind1="1" ind2="3">
    <subfield code="a">El llano en llamas /</subfield>
    <subfield code="c">Juan Rulfo</subfield>
  </datafield>
  <datafield tag="250" ind1=" " ind2=" ">
    <subfield code="a">Edici&#xF3;n especial</subfield>
  </datafield>
  <datafield tag="264" ind1=" " ind2="1">
    <subfield code="a">Bogot&#xE1;, Colombia;</subfield>
    <subfield code="b">Ediciones Urano,</subfield>
    <subfield code="c">2022</subfield>
  </datafield>
  <datafield tag="300" ind1=" " ind2=" ">
    <subfield code="a">169 p&#xE1;ginas;</subfield>
    <subfield code="c">21 cm,</subfield>
    <subfield code="b">Tapa R&#xFA;stica</subfield>
  </datafield>
  <datafield tag="490" ind1="0" ind2=" ">
    <subfield code="a">Plan Nacional de Lectura y Escritura Leer es mi Cuento / Ministerio de Cultura</subfield>
  </datafield>
  <datafield tag="500" ind1=" " ind2=" ">
    <subfield code="a">Juan Rulfo comienza a publicar en 1945, sobre todo en la revista Am&#xE9;rica, los cuentos "Nos han dado la tierra", "Macario", "Es que somos muy pobres", "La Cuesta de las Comadres", "Talpa", "El Llano en llamas" y "Diles que no me maten". Comenta algunos en cartas a su novia. Clara Aparicio. A partir de septiembre de 1952 y hasta julio de 1953, como becario del Centro Mexicano de Escritores, escribir&#xE1; "El hombre", "En la madrugada", "Luvina", "La noche que lo dejaron solo", "Paso al Norte", "Acu&#xE9;rdate", "No oyes ladrar los perros" y "Anacleto Morones". Los 15 cuentos se re&#xFA;nen en El Llano en llamas, que se termina de imprimir el 18 de septiembre de 1953 publica en dos revistas "La herencia de Matilde Arc&#xE1;ngel", y en agosto del mismo a&#xF1;o, en un suplemento, "El d&#xED;a del derrumbe". Ambos relatos se sumar&#xE1;n al libro en 1970.</subfield>
  </datafield>
  <datafield tag="521" ind1=" " ind2=" ">
    <subfield code="a">Recomendado para un p&#xFA;blico adulto </subfield>
  </datafield>
  <datafield tag="545" ind1=" " ind2=" ">
    <subfield code="a">Incluye datos biogr&#xE1;ficos del autor en la contracar&#xE1;tula</subfield>
  </datafield>
  <datafield tag="650" ind1="1" ind2="7">
    <subfield code="a">Cuentos mexicanos</subfield>
    <subfield code="y">Siglo XX</subfield>
    <subfield code="2">LEMB</subfield>
    <subfield code="9">224817</subfield>
  </datafield>
  <datafield tag="650" ind1="1" ind2="7">
    <subfield code="a">Literatura mexicana</subfield>
    <subfield code="y">Siglo XX</subfield>
    <subfield code="2">LEMB</subfield>
    <subfield code="9">224818</subfield>
  </datafield>
  <datafield tag="650" ind1="1" ind2="7">
    <subfield code="a">Autores mexicanos</subfield>
    <subfield code="y">Siglo XX</subfield>
    <subfield code="2">LEMB</subfield>
    <subfield code="9">224819</subfield>
  </datafield>
  <datafield tag="650" ind1="1" ind2="7">
    <subfield code="a">Soledad en la literatura</subfield>
    <subfield code="2">LEMB</subfield>
    <subfield code="9">224820</subfield>
  </datafield>
  <datafield tag="650" ind1="1" ind2="7">
    <subfield code="a">Violencia en la literatura</subfield>
    <subfield code="2">LEMB</subfield>
    <subfield code="9">10741</subfield>
  </datafield>
  <datafield tag="942" ind1=" " ind2=" ">
    <subfield code="2">ddc</subfield>
    <subfield code="c">BKLIT</subfield>
  </datafield>
  <datafield tag="999" ind1=" " ind2=" ">
    <subfield code="c">15292</subfield>
    <subfield code="d">15292</subfield>
  </datafield>
  <datafield tag="952" ind1=" " ind2=" ">
    <subfield code="0">0</subfield>
    <subfield code="1">0</subfield>
    <subfield code="2">ddc</subfield>
    <subfield code="4">0</subfield>
    <subfield code="7">0</subfield>
    <subfield code="8">LA</subfield>
    <subfield code="a">BPMOS</subfield>
    <subfield code="b">BPMOS</subfield>
    <subfield code="c">FIC</subfield>
    <subfield code="d">2023-11-22</subfield>
    <subfield code="e">Dotaci&#xF3;n BNC 2023</subfield>
    <subfield code="i">NT</subfield>
    <subfield code="l">1</subfield>
    <subfield code="o">AC RULl</subfield>
    <subfield code="p">MOS503490</subfield>
    <subfield code="r">2024-11-28</subfield>
    <subfield code="s">2024-11-27</subfield>
    <subfield code="t">Ej. 1</subfield>
    <subfield code="w">2023-11-22</subfield>
    <subfield code="y">BKLIT</subfield>
    <subfield code="z">Quince d&#xED;as</subfield>
  </datafield>
</record>
